| 000 | 00360nam a22001217a 4500 | ||
|---|---|---|---|
| 008 | 240402b |||||||| |||| 00| 0 eng d | ||
| 082 | _a813.54 | ||
| 100 |
_aMcallister, Gillian. _dauthor. |
||
| 245 |
_aWrong place wrong time: _bhow do you stop a murder when it's already happened?. |
||
| 260 |
_aUK: _bPenguin; _c2022. |
||
| 300 |
_a401 p: _c23.5 cm. |
||
| 942 | _2ddc | ||
| 999 |
_c9810 _d9811 |
||